| 000 | 00572nam a2200217 i 4500 | ||
|---|---|---|---|
| 001 | bg | ||
| 100 | 1 | _aOSSOWSKI, Marek | |
| 245 | 1 | 0 |
_aRachunek kosztów / _cMarek Ossowski. |
| 260 |
_aGdańsk : _bOśrodek Doradztwa i Doskonalenia Kadr, _c2004. |
||
| 300 |
_a254, [1] s. ; _c21 cm. |
||
| 504 | _aBibliogr. | ||
| 650 | 9 |
_aKoszty _xrachunkowość |
|
| 655 | _aPodręczniki akademickie | ||
| 020 | _a837187894X | ||
| 040 | _cBPK | ||
| 041 | 0 | _apol | |
| 080 | _a657.47(075.8) | ||
| 920 | _a83-7187-894-X | ||
| 942 | _cKS | ||
| 008 | s pl f |000 0 pol | ||
| 999 |
_c52433 _d52433 |
||
| 856 |
_uhttp://koha.tu.koszalin.pl/cgi-bin/koha/opac-detail.pl?biblionumber=52433 _yKatalog online BPK |
||